| 000 | 00401nam a22001577a 4500 | ||
|---|---|---|---|
| 003 | OSt | ||
| 008 | 240804b |||||||| |||| 00| 0 eng d | ||
| 082 |
_a631.372 _bS61T |
||
| 100 | _aSoren, J. | ||
| 245 | _aTractor Utilisation Pattern & Cost... District | ||
| 260 |
_aPusa _bAgri. Engineering _c2016 |
||
| 300 | _avii,22p. | ||
| 650 | _aAgricultural Engineering | ||
| 650 | _aThesis | ||
| 942 |
_2ddc _cT |
||
| 999 |
_c43504 _d43504 |
||